000 00599nam a2200181 i 4500
001 bg
100 1 _aPĘCZEK,
245 1 0 _aNowa metoda analityczna rozwiązania podstawowego problemu fotogrametrii /
_cLeonard Pęczek.
260 _aWarszawa :
_bWydawnictwa Politechniki Warszawskiej,
_c1975.
490 1 _aPrace Naukowe. Geodezja / Politechnika Warszawska ;
_vnr 15
650 9 _aFotogrametria
_xteoria
830 0 _aPrace Naukowe. Geodezja (Politechnika Warszawska)
040 _cBPK
041 0 _apol
_bruseng
080 _a528.7
942 _cKS
008 s pl f |000 0 pol
999 _c35480
_d35480
856 _uhttp://koha.tu.koszalin.pl/cgi-bin/koha/opac-detail.pl?biblionumber=35480
_yKatalog online BPK